| 000 | 02172ngm a22004697a 4500 | ||
|---|---|---|---|
| 006 | a|||||s|||||00| 0 | ||
| 007 | tz | ||
| 008 | 110613s2000 cau|||||s|||| 000 0 eng d | ||
| 020 | _a0782010059 | ||
| 020 | _a9780782010053 | ||
| 082 |
_222 _a791.4372 _bRIO |
||
| 245 | 0 | 0 |
_aRio Grande _h[videorecording] _cProduced by John Ford, Merian C. Cooper; screenplay by James Kevin McGuinnes; directed by John Ford |
| 260 |
_aLos Angeles, CA : _bRepublic Pictures Corporation ; _aSanta Monica, CA : _bDistributed by Artisan Home Entertainment, 2000. _c2000 |
||
| 300 |
_a1 videodisc (105 min.) : _bsd., b&w ; _c 4 3/4 in. |
||
| 490 |
_925160 _aJohn Wayne Collection |
||
| 500 | _aOriginally released as a motion picture in 1950 | ||
| 500 | _aBased on Saturday Evening Post story by James Warner Bellah. | ||
| 508 | _6Director of photography, Bert Glennon ; film editor, Jack Murray ; music, Victor Young. | ||
| 511 | _aJohn Wayne, Maureen O'Hara, Ben Johnson, Harry Carey, Jr., Chill Wills, J. Carrol Naish, Victor McLaughlin, Claude Jarman, Jr. | ||
| 521 | _aNot rated | ||
| 546 | _a In English, dubbed French or dubbed Spanish with optional subtitles in French or Spanish; closed captioned. | ||
| 650 |
_925065 _aMan-woman relationships _vDrama |
||
| 653 | _cJune2011 | ||
| 655 | _aFeature films | ||
| 655 | _aWestern films | ||
| 700 |
_925123 _aYoung, Victor _emsd |
||
| 700 |
_925164 _aFord, John _d1894-1973 _edrt _epro |
||
| 700 |
_925165 _aMcGuinness, James Kevin _d1894-1973 _eaus |
||
| 700 |
_925168 _aCooper, Merian C. _d1894-1973 _epro |
||
| 700 |
_925169 _aBellah, James Warner _d1899-1976 _eaut |
||
| 700 |
_925170 _aGlennon, Bert _d1899-1976 _ecng |
||
| 700 |
_925171 _aMurray, Jack _d1899-1976 _eflm |
||
| 700 |
_925179 _aJarman, Claude _d1934- _eact |
||
| 700 |
_925172 _a Wayne, John _d1907-1979 _eact |
||
| 700 |
_925173 _aO'Hara, Maureen _d1920- _eact |
||
| 700 |
_925174 _aJohnson, Ben _d1918-1996 _eact |
||
| 700 |
_925175 _aCarey, Harry _d1921- _eact |
||
| 700 |
_925176 _aWills, Chill _d1902-1978 _eact |
||
| 700 |
_925177 _aNaish, J. Carrol _d1896-1973 _eact |
||
| 700 |
_925178 _aMcLaughlin, Victor _d1896-1973 _eact |
||
| 942 |
_2ddc _cCDVDMOV |
||
| 999 |
_c15588 _d15588 |
||